000 00622cam a2200145 4500500
005 20260208003718.0
041 _afre
042 _adc
100 1 0 _aGiovacchini, Julie
_eauthor
245 0 0 _aSénèque, De la providence. De la constance du sage. De la tranquillité de l’âme. Du loisir, Paris, Garnier-Flammarion, 2003, traduction et présentation de Pierre Miscevic.
260 _c2005.
500 _a8
786 0 _nLes Études philosophiques | 72 | 1 | 2005-03-01 | p. 117w-142w | 0014-2166
856 4 1 _uhttps://shs.cairn.info/revue-les-etudes-philosophiques-2005-1-page-117w?lang=fr&redirect-ssocas=7080
999 _c1648617
_d1648617